01142 a2200301 4500003001000000005001700010007000300027008004100030020001800071040005100089041000800140082001600148245011200164250001800276300005600294336002700350337003300377338002800410500002900438504004100467650005100508700003900559700003400598710003000632942003000662999001700692952013100709CO-BoRNBP20241018163059.0ta140404s2013 ck ao gr|||| 000 0 spa d a9789589916940 aCO-BoUCMbspacJose A. GerenadDiana Londoño aspa04220a551.44210aCañones de Colombiactextos y dirección científica, Juan Manuel Díaz Merlano, Kim Gregory Robertson a1a. edición a206 páginasbilustraciones, fotografías a color 2rdacontentatextobtxt 2rdamediaasin mediaciónbn 2rdacarrieravolumenbnc aDonación de Rectoría aIncluye referencias bibliográficas 7aCañones (Geografía)xColombia2LEMB9433581 aDíaz Merlano, Juan Manuel9181011 aRobertson, Kim Gregory9433592 aBanco de Occidente943360 a20cLIBRO2DEWEYh551.442 c38498d38498 00102ddc40708GENaMEGUAMALbMEGUAMALcREFd2024-10-18l0oR 551.442pGUA004350r2024-10-18 16:32:31tEj.1w2024-10-18yREF